|
|
|
|
| LEADER |
00717nam a2200181Ia 4500 |
| 001 |
165003 |
| 008 |
170722s9999 xx 000 0 und d |
| 020 |
|
|
|a 97881300085616
|
| 100 |
|
|
|a Osho
|
| 245 |
|
|
|a Njan ningalode parayunnathenthennal /
|
| 260 |
|
|
|a Kozhikode :
|b Poorna Publications ,
|c 2008.
|
| 300 |
|
|
|a 376p
|
| 653 |
|
|
|a Spiritual Mystisism
|
| 700 |
|
|
|a Ravivarma Raja
|e translator.
|
| 942 |
|
|
|c GEN
|
| 999 |
|
|
|c 141455
|d 141455
|
| 952 |
|
|
|0 0
|1 0
|4 0
|6 ΔXNRA_32P81KRP81
|7 0
|9 200104
|a LIB
|b LIB
|d 2017-08-12
|o ΔxNRA 32P81(KR)-P8;1
|p 276194
|r 2017-08-12
|v 240.00
|w 2017-08-12
|y GEN
|
| 952 |
|
|
|0 0
|1 0
|4 0
|6 ΔXNRA_32P81KRP81
|7 0
|9 200105
|a LIB
|b LIB
|d 2017-08-12
|l 3
|o ΔxNRA 32P81(KR)-P8;1
|p 276195
|r 2018-09-03
|s 2018-08-03
|v 240.00
|w 2017-08-12
|y GEN
|